1895 1211 1700 1632 1066 1212 1900 1933 1090 1111 1716 1975 1343 1719 1487 1914 1531 1430 1377 1852 1758 1649 1717 1874 1957 1117 1278 1021 1730 1063 1788 1598 1101 1550 1090 1922 1466 1506 1150 1991 1364 1780 1200 1264 1541 1146 1304 1648 1773 1884 1599 1711 1375 1248 1596 1633 1346 1603 1213 1476 1194 1083 1367 1905 1929 1002 1593 1594 1931 1493 1081 1487 1539 1975 1958 1507 1073 1651 1321 1580 1343 1779 1297 1904 1215 1753 1523 1725 1329 1813 1150 1438 1910 1664 1644 1482 1827 1923 1634 BCNSPRNW ULIB Ver.6.0+V

เปลี่ยนเป็นภาษาไทย

Change to English
 แสดงรายละเอียดบรรณานุกรม
  กลับหน้าหลัก

Brief Record : Get Marc (ISO 2709) : E-mail record : QR code < ปิดหน้าต่าง
LEADER : 00000nam 2200000uu 4500
001    13399123113
003     ULIB
008    210214s2556||||th 000 0 tha d
020    9789742968137
060 04 WY160^bก425ม 2556
110 1  กระทรวงสาธารณสุข.^bกรมสุขภาพจิตและสำนักการพยาบาล.
245 00 การพยาบาลจิตเวชและสุขภาพจิต /^cกรมสุขภาพจิตและสำนักการพยาบาล.
250    พิมพ์ครั้งที่ 1
260    กรุงเทพฯ :^bกรมสุขภาพจิตและสำนักการพยาบาล,^c2556
300    250 หน้า ;^c30 ซม.
650  7 มาตรฐาน^xการพยาบาลจิตเวช
650  7 การพยาบาลจิตเวชศาสตร์
650  7 จิตเวชศาสตร์^xการพยาบาล
650  7 สุขภาพจิต^xการพยาบาล
700 1  กาญจนา จันทร์ไทย^e,บรรณาธิการ
700 1  ประหยัด ประภาพรหม.^e,บรรณาธิการร่วม
700 1  ราณี พรมานะจิรังกุล.^e,บรรณาธิการร่วม
700 1  ธีรพร สถิรอังกูร.^e,บรรณาธิการร่วม
945    ^p0^l0^i20299
995    ทศพร
999    ^aใช้งานได้ทุกระบบ
รายการนี้ยังไม่มีแท็ก
คุณยังไม่ได้ล็อกอิน คุณสามารถมีกิจกรรมร่วมกับเว็บไซต์ได้ แต่ต้องล็อกอินก่อน ::
  ล็อกอิน

รายการสื่อสารสนเทศ

ลำดับที่ ประเภท เลขเรียก/บาร์โค้ด สถานที่ สถานะ
1. Book การพยาบาล
Book การพยาบาล
สถานะ=หนังสือเก่า
WY160 ก425ม 2556 ฉ.1 
  Barcode: 20299
ห้องสมุดวิทยาเขตนครสวรรค์
►ส่วนจัดเก็บหนังสือเก่า นว.
บนชั้น
  ขอยืม

รายการใกล้เคียง
    หัวเรื่อง [การพยาบาลจิตเวชศาสตร์]

BibComment


ยังไม่เคยถูกคอมเมนท์

คอมเมนท์ทรัพยากรรายการนี้
  คอมเมนท์: การพยาบาลจิตเวชแล..


 Copyright 2026. Bcnsprnw @Library